Miasta województwa krakowskiego II RP z mapą - Statystyki

Ogólne statystyki
  • Ten quiz został rozwiązany 15 razy
  • Średni wynik to 37 z 54
Odpowiedzi na mapie
Odpowiedzi zakodowano w zielono-czerwonej skali na mapie do tego quizu, zgodnie z poniższymi procentami.
 
Statystyki odpowiedzi
Miasto % Poprawnych
Kraków
100%
Bochnia
92%
Jasło
92%
Limanowa
92%
Nowy Sącz
92%
Nowy Targ
92%
Oświęcim
92%
Skawina
92%
Tarnów
92%
Wadowice
92%
Wieliczka
92%
Zakopane
92%
Andrychów
85%
Chrzanów
85%
Dębica
85%
Gorlice
85%
Myślenice
85%
Stary Sącz
85%
Żywiec
85%
Biała
77%
Czarny Dunajec
77%
Dąbrowa
77%
Kalwaria Zebrzydowska
77%
Krynica-Zdrój
77%
Mielec
77%
Sucha
77%
Zator
77%
Biecz
69%
Brzesko
69%
Dobczyce
69%
Grybów
69%
Jaworzno
69%
Maków Podhalański
69%
Muszyna
69%
Niepołomice
69%
Trzebinia
69%
Jordanów
62%
Kęty
62%
Krzeszowice
62%
Piwniczna
62%
Ropczyce
62%
Sędziszów
62%
Lanckorona
54%
Pilzno
54%
Ciężkowice
46%
Żabno
46%
Tuchów
38%
Wilamowice
38%
Wojnicz
38%
Radomyśl Wielki
31%
Brzostek
23%
Szczakowa
23%
Uście Solne
8%
Wiśnicz Nowy
8%
Nie znaleziono quizów pasujących do podanych kryteriów
Rozkład punktacji
Procent ludzi z każdym wynikiem
Percentyl według liczby udzielonych odpowiedzi
Twoja historia wyników
Nie rozwiązałeś tego quizu